| 000 | 00782nam a2200277 i 4500 | ||
|---|---|---|---|
| 001 | C2-0108492 | ||
| 003 | PPAK | ||
| 005 | 20221005174844.0 | ||
| 008 | 970622s1996 my a jr 000 0 may d | ||
| 020 | _a9676106038 | ||
| 040 |
_aPPAK _beng _cPPAK _erda |
||
| 082 | 0 | 4 |
_a899.233 _223 |
| 090 | 0 | 0 |
_a899.233 _bABD _dK |
| 100 | 0 |
_aAbdul Latip Talib, _eauthor |
|
| 245 | 1 | 0 |
_aAnak Rimba / _cAbdul Latip Talib. |
| 264 | 1 |
_aKuala Lumpur : _bUtusan , _c1996 |
|
| 300 |
_a84 pages : _bcolour illustrations ; _c22 cm |
||
| 336 |
_atext _2rdacontent |
||
| 336 |
_astill image _2rdacontent |
||
| 337 |
_aunmediated _2rdamedia |
||
| 338 |
_avolume _2rdacarrier |
||
| 490 | 1 | _aSiri rakan hijau utusan | |
| 650 | 1 | 0 | _aMalay fiction |
| 830 | 0 | _aSiri rakan hijau utusan | |
| 942 |
_cB _2ddc |
||
| 999 |
_c26785 _d26785 |
||